000 00994nam a22003017a 4500
001 9735
003 FISKH
005 20260130161736.0
008 260130b cb ||||| |||| 00| 0 eng d
020 _a9780744523232
040 _aFISKH
_beng
_cFISKH
_dFISKH
050 _aPZ7 .R71867 .W
082 _a823.914
100 _aRosen , Michael
245 _aWe're going on a bear hunt /
_cBy Michael Rosen and Helen Oxenbury
250 _aFirst published 1989
260 _aLondon :
_bWalker Books ,
_c1989 .
300 _a38 unnumbered pages :
_bcolor illustrations ;
_c24 X 27 cm .
505 _aE
520 _aBrave bear hunters go through grass, a river, mud, and other obstacles before the inevitable encounter with the bear forces a headlong retreat.
521 8 _a280
_bLexile
521 8 _aE
_bRaz-Plus
650 _aMovement
_vFiction
650 _aOnomatopoeia
_vFiction
700 _aOxenbury , Helen
_eIllustrator
942 _2ddc
_cBK
_n0
999 _c9735
_d9735